Populismo e ideología /

Salvato in:
Dettagli Bibliografici
Autore principale: Ipola, Emilio de
Natura: testo
Soggetti:
Tags: Aggiungi Tag
Nessun Tag, puoi essere il primo ad aggiungerne!!

MARC

LEADER 00000 a a2200000 04500
001 44279
003
040
100 |a Ipola, Emilio de  
245 |a Populismo e ideología /  |c Emilio de Ipola  
650 |a IDEOLOGIAS  
650 |a GOBIERNO  
773 |g volumen41, número3 ( , 1979), Páginas 925-960  
999 |c 35352  |d 35352